| 000 | 01043cam a22003015i 4500 | ||
|---|---|---|---|
| 999 |
_c28948 _d28919 |
||
| 001 | 14164103 | ||
| 003 | EG-ScBUE | ||
| 005 | 20201019134432.0 | ||
| 008 | 051102t20062006maua f 001 0 eng d | ||
| 020 | _a0763737208 (pbk.) | ||
| 020 | _a9780763737207 | ||
| 035 | _a(OCoLC)ocm62282060 | ||
| 040 |
_aDLC _beng _erda _cDLC _dYDX _dBAKER _dTXA _dDLC _dEG-ScBUE |
||
| 082 | 0 | 4 |
_a005.133 _bSOR _222 |
| 100 | 1 |
_aSoroka, Barry I., _eauthor. _938577 |
|
| 245 | 1 | 0 |
_aJava 5 : _bobjects first / _cBarry I. Soroka, California State Polytechnic University. |
| 264 | 1 |
_aLondon : _bJones and Bartlett Publishers International, _c[2006] |
|
| 264 | 4 | _cc2006 | |
| 300 |
_axxxiv, 970 pages : _billustrations ; _c24 cm |
||
| 336 |
_atext _btxt _2rdacontent |
||
| 337 |
_aunmediated _bn _2rdamedia |
||
| 338 |
_avolume _bnc _2rdacarrier |
||
| 500 | _aIncludes index. | ||
| 650 | 7 |
_aJava (Computer program language) _2BUEsh |
|
| 653 |
_bCOMSCI _cOctober2020 |
||
| 856 | 4 | 1 |
_3Table of contents _uhttp://www.loc.gov/catdir/toc/ecip063/2005032131.html |
| 942 |
_2ddc _cBB |
||